MARC details
| 000 -LEADER |
| fixed length control field |
01605cas a2200433 i 4500 |
| 001 - CONTROL NUMBER |
| control field |
16924967 |
| 003 - CONTROL NUMBER IDENTIFIER |
| control field |
OSt |
| 005 - DATE AND TIME OF LATEST TRANSACTION |
| control field |
20230620122307.0 |
| 008 - FIXED-LENGTH DATA ELEMENTS--GENERAL INFORMATION |
| fixed length control field |
110817c20109999ke ar f0 0eng |
| 010 ## - LIBRARY OF CONGRESS CONTROL NUMBER |
| LC control number |
2011342937 |
| 024 7# - OTHER STANDARD IDENTIFIER |
| Standard number or code |
9789966151704 |
| Source of number or code |
isbn |
| 035 ## - SYSTEM CONTROL NUMBER |
| System control number |
(OCoLC)ocn747007075 |
| 040 ## - CATALOGING SOURCE |
| Original cataloging agency |
DLC |
| Language of cataloging |
eng |
| Description conventions |
rda |
| Transcribing agency |
DLC |
| Modifying agency |
DLC |
| -- |
ZCU |
| -- |
OUN |
| -- |
NUI |
| -- |
IUL |
| -- |
DLC |
| -- |
OCLCF |
| -- |
OCLCO |
| -- |
OCLCA |
| -- |
NYP |
| -- |
OCLCO |
| -- |
IUL |
| -- |
PUL |
| 042 ## - AUTHENTICATION CODE |
| Authentication code |
pcc |
| 043 ## - GEOGRAPHIC AREA CODE |
| Geographic area code |
f-ke--- |
| 050 00 - LIBRARY OF CONGRESS CALL NUMBER |
| Classification number |
DT433.5 |
| Item number |
.K489 |
| 082 ## - DEWEY DECIMAL CLASSIFICATION NUMBER |
| Classification number |
030.6762 |
| Item number |
KEN |
| 245 00 - TITLE STATEMENT |
| Title |
Kenya yearbook 2010. |
| 264 #1 - PRODUCTION, PUBLICATION, DISTRIBUTION, MANUFACTURE, AND COPYRIGHT NOTICE |
| Place of production, publication, distribution, manufacture |
Nairobi : |
| Name of producer, publisher, distributor, manufacturer |
Kenya Yearbook Editorial Board, |
| Date of production, publication, distribution, manufacture, or copyright notice |
2010- |
| 300 ## - PHYSICAL DESCRIPTION |
| Extent |
volumes : |
| Other physical details |
chiefly color illustrations, color maps ; |
| Dimensions |
21 cm |
| 310 ## - CURRENT PUBLICATION FREQUENCY |
| Current publication frequency |
Annual |
| 336 ## - CONTENT TYPE |
| Content type term |
text |
| Content type code |
txt |
| Source |
rdacontent |
| 337 ## - MEDIA TYPE |
| Media type term |
unmediated |
| Media type code |
n |
| Source |
rdamedia |
| 338 ## - CARRIER TYPE |
| Carrier type term |
volume |
| Carrier type code |
nc |
| Source |
rdacarrier |
| 362 1# - DATES OF PUBLICATION AND/OR SEQUENTIAL DESIGNATION |
| Dates of publication and/or sequential designation |
Began with 2010. |
| 500 ## - GENERAL NOTE |
| General note |
Each issue has also a unique theme title. |
| 588 0# - SOURCE OF DESCRIPTION NOTE |
| Source of description note |
2010; title from title page. |
| 588 1# - SOURCE OF DESCRIPTION NOTE |
| Source of description note |
2019. |
| 590 ## - LOCAL NOTE (RLIN) |
| Local note |
Acquired via LC overseas office. Nairobi Field Office. Most recent issues may not yet be available in LC. |
| 651 #0 - SUBJECT ADDED ENTRY--GEOGRAPHIC NAME |
| Geographic name |
Kenya |
| Form subdivision |
Periodicals. |
| 651 #7 - SUBJECT ADDED ENTRY--GEOGRAPHIC NAME |
| Geographic name |
Kenya. |
| Source of heading or term |
fast |
| Authority record control number |
(OCoLC)fst01208718 |
| 655 #7 - INDEX TERM--GENRE/FORM |
| Genre/form data or focus term |
Periodicals. |
| Source of term |
fast |
| Authority record control number |
(OCoLC)fst01411641 |
| 655 #7 - INDEX TERM--GENRE/FORM |
| Genre/form data or focus term |
Periodicals. |
| Source of term |
lcgft |
| Authority record control number |
http://id.loc.gov/authorities/genreForms/gf2014026139 |
| -- |
(uri) http://id.loc.gov/authorities/genreForms/gf2014026139 |
| 710 2# - ADDED ENTRY--CORPORATE NAME |
| Corporate name or jurisdiction name as entry element |
Kenya Yearbook Editorial Board, |
| Relator term |
issuing body, |
| -- |
publisher. |
| 906 ## - LOCAL DATA ELEMENT F, LDF (RLIN) |
| a |
7 |
| b |
cbc |
| c |
serorig |
| d |
2 |
| e |
ncip |
| f |
20 |
| g |
n-oclcserc |
| 942 ## - ADDED ENTRY ELEMENTS (KOHA) |
| Source of classification or shelving scheme |
Dewey Decimal Classification |
| Koha item type |
Books |